Thiết kế bài học ngữ văn 11 t.1
Gardado en:
| Autor Principal: | |
|---|---|
| Formato: | Libro |
| Publicado: |
Hà Nội
Giáo dục
2009
|
| Những chủ đề: | |
| Các nhãn: |
Engadir etiqueta
Sen Etiquetas, Sexa o primeiro en etiquetar este rexistro!
|
| Thư viện lưu trữ: | Trung tâm Học liệu Lê Vũ Hùng, Trường Đại học Đồng Tháp |
|---|
| LEADER | 00656pam a22002058a 4500 | ||
|---|---|---|---|
| 001 | 00037450 | ||
| 005 | 20171102111117.0 | ||
| 008 | 170512s2009 ||||||Viesd | ||
| 041 | 0 | # | |a Vie |
| 082 | 1 | 4 | |a 807 |b TH308K |
| 100 | 1 | # | |a Phan, Trọng Luận |
| 245 | 1 | 0 | |a Thiết kế bài học ngữ văn 11 |c Phan Trọng Luận |n t.1 |
| 260 | # | # | |a Hà Nội |b Giáo dục |c 2009 |
| 300 | # | # | |a 255tr |c 21cm. |
| 653 | # | # | |a Ngữ văn |
| 653 | # | # | |a Thiết kế |
| 852 | # | # | |b Kho đọc |j KD.1000306 |
| 852 | # | # | |j KM.0022019 |j KD.0021349 |
| 910 | |d 12/05/2017 | ||
| 980 | # | # | |a Trung tâm Học liệu Lê Vũ Hùng, Trường Đại học Đồng Tháp |